| 000 | 00504nam a22001575i 4500 | ||
|---|---|---|---|
| 001 | 171606 | ||
| 003 | ES-MaACL | ||
| 005 | 20230906214657.0 | ||
| 008 | 090522s1954 sp |||| | spa d | ||
| 100 | 1 |
_aSoldati, Mario. _9140284 |
|
| 245 | 1 | 3 |
_aLa ventana _b: (a cena col commendatore) / _cMario Soldati ; traducción de Ana-Maria de Foronda. |
| 260 |
_a[Madrid] : _bForonda, _c[1954] |
||
| 300 |
_a318 p. ; _c19 cm. |
||
| 700 | 1 |
_aForonda, Ana-María de. _951800 |
|
| 852 |
_aES-MaACL _jC-8828 _9R.36029 |
||
| 999 |
_c171606 _d171606 |
||